Physical science : (Record no. 357414)
[ view plain ]
| 000 -LEADER | |
|---|---|
| fixed length control field | 00625nam a2200229Ia 4500 |
| 008 - FIXED-LENGTH DATA ELEMENTS--GENERAL INFORMATION | |
| fixed length control field | 180523s9999 xx 000 0 und d |
| 020 ## - INTERNATIONAL STANDARD BOOK NUMBER | |
| International Standard Book Number | 0-675-06724-3 |
| 050 ## - LIBRARY OF CONGRESS CALL NUMBER | |
| Classification number | MAIN Q 161.2 |
| 050 ## - LIBRARY OF CONGRESS CALL NUMBER | |
| Item number | .C66 1977 |
| 100 ## - MAIN ENTRY--PERSONAL NAME | |
| Personal name | Como, Victor. |
| 245 #0 - TITLE STATEMENT | |
| Title | Physical science : |
| 245 #2 - TITLE STATEMENT | |
| Remainder of title | a learning strategy for the laboratory / |
| 245 #0 - TITLE STATEMENT | |
| Statement of responsibility, etc | Victor Como. |
| 260 ## - PUBLICATION, DISTRIBUTION, ETC. (IMPRINT) | |
| Place of publication, distribution, etc | Columbus : |
| 260 ## - PUBLICATION, DISTRIBUTION, ETC. (IMPRINT) | |
| Name of publisher, distributor, etc | Charles E. Merrill Publishing, |
| 260 ## - PUBLICATION, DISTRIBUTION, ETC. (IMPRINT) | |
| Date of publication, distribution, etc | 1977 |
| 300 ## - PHYSICAL DESCRIPTION | |
| Extent | 178 pages : |
| 300 ## - PHYSICAL DESCRIPTION | |
| Other physical details | illustrations ; |
| 300 ## - PHYSICAL DESCRIPTION | |
| Dimensions | 28 cm. |
| 500 ## - GENERAL NOTE | |
| General note | Includes bibliographical references and index. |
| 650 ## - SUBJECT ADDED ENTRY--TOPICAL TERM | |
| Topical term or geographic name as entry element | Science -- Textbooks. |
| Withdrawn status | Lost status | Damaged status | Home library | Current library | Shelving location | Date acquired | Total Checkouts | Full call number | Barcode | Date last seen | Price effective from | Koha item type |
|---|---|---|---|---|---|---|---|---|---|---|---|---|
| South Mansfield College | South Mansfield College | 03/07/2005 | MAIN Q 161.2 .C66 1977 | SMC02036 | 05/23/2018 | 05/23/2018 |